[Event "Saint Louis Cairns Cup (Women) 5th"]
[Site "Saint Louis"]
[Date "2025.06.19"]
[Round "9"]
[White "Dzagnidze, Nana"]
[Black "Tan, Zhongyi"]
[Result "1/2-1/2"]
[WhiteElo "2505"]
[BlackElo "2546"]
[PlyCount "172"]
[EventDate "2025.06.10"]
[EventType "tourn"]
[EventRounds "9"]
[EventCountry "USA"]
[EventCategory "10"]
[SourceTitle "CB26_2025"]
[SourceDate "2025.06.25"]
[SourceVersion "1"]
[SourceVersionDate "2025.06.25"]
[SourceQuality "1"]

1. Nf3 d5 2. c4 e6 3. g3 dxc4 4. Qa4+ Nd7 5. Bg2 a6 6. Qxc4 b5 7. Qc6 Rb8 8. d4 Bb7 9. Qc2 c5 10. 0-0 Ngf6 11. a4 Qb6 12. axb5 axb5 13. dxc5 Bxc5 14. Nc3 0-0 15. Bf4 Rbc8 16. Qb3 Ng4 17. Qxb5 Bxf2+ 18. Kh1 Bc6 19. Qxb6 Bxb6 20. h3 Ne3 21. Bxe3 Bxe3 22. Rfd1 Rfd8 23. Rd3 Bb6 24. Rad1 Nf8 25. Ne5 Be8 26. b3 Rxd3 27. Rxd3 Bc7 28. Nc4 Ng6 29. Ne4 Bb5 30. Rd2 Bxc4 31. bxc4 f5 32. Nd6 Bxd6 33. Rxd6 Kf7 34. Rc6 Rxc6 35. Bxc6 Ke7 36. c5 Ne5 37. Ba4 Nd7 38. c6 Nb6 39. c7 Kd6 40. Bb3 Kd7 41. Kg2 Nd5 42. Kf3 Nxc7 43. e4 fxe4+ 44. Kxe4 Kd6 45. h4 h6 46. Bc4 Nd5 47. Bb3 Ne7 48. Kf4 Nf5 49. Bc2 g6 50. Bb1 e5+ 51. Kf3 Ke6 52. Ba2+ Kf6 53. Bb1 Nd6 54. Bc2 g5 55. Kg4 Nc4 56. hxg5+ hxg5 57. Kf3 g4+ 58. Ke4 Nd6+ 59. Ke3 Ke6 60. Bd1 Kf5 61. Be2 Kg5 62. Bd3 Nf5+ 63. Kf2 Ng7 64. Ke3 Nh5 65. Kf2 Kf6 66. Bc2 Ke6 67. Bd3 Nf6 68. Ke3 Kd6 69. Ba6 Kc5 70. Bc8 Kc4 71. Be6+ Kc3 72. Bf5 Kb2 73. Kd2 Kb3 74. Kd3 Kb4 75. Be6 Kc5 76. Ke3 Kd6 77. Bc8 Kd5 78. Bb7+ Ke6 79. Bc8+ Kf7 80. Bf5 Kg7 81. Be6 Kg6 82. Kd3 Kg5 83. Ke3 Nh5 84. Ke4 Nxg3+ 85. Kxe5 Nh5 86. Bxg4 Kxg4 1/2-1/2

[Event "Saint Louis Cairns Cup (Women) 5th"]
[Site "Saint Louis"]
[Date "2025.06.18"]
[Round "8"]
[White "Kashlinskaya, Alina"]
[Black "Dzagnidze, Nana"]
[Result "0-1"]
[WhiteElo "2459"]
[BlackElo "2505"]
[PlyCount "136"]
[EventDate "2025.06.10"]
[EventType "tourn"]
[EventRounds "9"]
[EventCountry "USA"]
[EventCategory "10"]
[SourceTitle "CB26_2025"]
[SourceDate "2025.06.25"]
[SourceVersion "1"]
[SourceVersionDate "2025.06.25"]
[SourceQuality "1"]

1. e4 c5 2. Nf3 d6 3. d4 cxd4 4. Nxd4 Nf6 5. Nc3 a6 6. f4 e5 7. Nb3 Qc7 8. Be2 b5 9. 0-0 Nbd7 10. fxe5 dxe5 11. a4 b4 12. Nd5 Qd6 13. Bc4 Bb7 14. Be3 Rc8 15. Na5 Bxd5 16. exd5 Be7 17. Nc6 Nb8 18. Nxe7 Kxe7 19. Qe2 a5 20. Rad1 Rhd8 21. Kh1 h6 22. Bf4 Nbd7 23. Bg3 Kf8 24. Bb3 Re8 25. Rf5 g6 26. Rff1 Kg7 27. Bh4 Nh5 28. Qf3 Rf8 29. Rde1 f5 30. g4 fxg4 31. Qxg4 Nf4 32. Be7 Qxe7 33. Rxf4 Rxf4 34. Qxf4 Rf8 35. Qg3 Rf5 36. Bc4 Nf6 37. Rg1 g5 38. Qh3 Rf4 39. Qc8 Ne4 40. d6 Nxd6 41. Qg8+ Kf6 42. Qh8+ Kg6 43. Qg8+ Kf5 44. Bd3+ e4 45. Be2 e3 46. Bd3+ Ke5 47. Rg3 Qb7+ 48. Kg1 Qa7 49. Be2 Nf5 50. Qe8+ Kf6 51. Qf8+ Qf7 52. Qh8+ Ke7 53. Rh3 Qf6 54. Qb8 Qxb2 55. Qc7+ Kf8 56. Qd8+ Kg7 57. Qd7+ Kh8 58. Qe8+ Kh7 59. Rxh6+ Nxh6 60. Bd3+ Rf5 61. Qxe3 Qa1+ 62. Kg2 Qf6 63. Qa7+ Kg8 64. Bxf5 Nxf5 65. Qa8+ Kg7 66. Qb7+ Kh6 67. Qe4 Nh4+ 68. Kg3 Ng6 0-1

[Event "Saint Louis Cairns Cup (Women) 5th"]
[Site "Saint Louis"]
[Date "2025.06.17"]
[Round "7"]
[White "Muzychuk, Mariya"]
[Black "Dzagnidze, Nana"]
[Result "1/2-1/2"]
[WhiteElo "2492"]
[BlackElo "2505"]
[PlyCount "107"]
[EventDate "2025.06.10"]
[EventType "tourn"]
[EventRounds "9"]
[EventCountry "USA"]
[EventCategory "10"]
[SourceTitle "CB26_2025"]
[SourceDate "2025.06.25"]
[SourceVersion "1"]
[SourceVersionDate "2025.06.25"]
[SourceQuality "1"]

1. c4 e5 2. Nc3 Bb4 3. Nd5 Be7 4. g3 Nf6 5. Nxe7 Qxe7 6. Bg2 0-0 7. e4 Na6 8. d3 c6 9. Ne2 d5 10. exd5 cxd5 11. cxd5 Bf5 12. Nc3 Nb4 13. Ne4 Nfxd5 14. a3 Nc6 15. 0-0 Rfd8 16. Be3 Nxe3 17. fxe3 Bxe4 18. Bxe4 Rd6 19. Rc1 Rad8 20. Rc3 g6 21. Qc2 Kg7 22. b4 R8d7 23. Rc5 Nd8 24. Qc3 f6 25. Rd1 Nf7 26. Rc8 Qe6 27. Rb8 Qa2 28. Rxb7 Rxb7 29. Bxb7 Rb6 30. Bg2 Ra6 31. Ra1 Qe2 32. d4 exd4 33. exd4 Re6 34. Rf1 Re3 35. Qc6 f5 36. Qc7 Rxa3 37. Bd5 Qe8 38. g4 Ra6 39. Qxf7+ Qxf7 40. Bxf7 Kxf7 41. gxf5 Rb6 42. Ra1 Rxb4 43. Rxa7+ Kf6 44. fxg6 hxg6 45. Ra6+ Kf5 46. d5 Rd4 47. d6 Ke6 48. d7+ Kf5 49. Ra7 Ke6 50. Ra6+ Kf5 51. Ra7 Ke6 52. Ra6+ Kf5 53. Ra7 Ke6 54. Ra6+ 1/2-1/2

[Event "Saint Louis Cairns Cup (Women) 5th"]
[Site "Saint Louis"]
[Date "2025.06.16"]
[Round "6"]
[White "Dzagnidze, Nana"]
[Black "Batsiashvili, Nino"]
[Result "1-0"]
[WhiteElo "2505"]
[BlackElo "2462"]
[PlyCount "103"]
[EventDate "2025.06.10"]
[EventType "tourn"]
[EventRounds "9"]
[EventCountry "USA"]
[EventCategory "10"]
[SourceTitle "CB26_2025"]
[SourceDate "2025.06.25"]
[SourceVersion "1"]
[SourceVersionDate "2025.06.25"]
[SourceQuality "1"]

1. d4 d5 2. c4 e6 3. Nf3 Nf6 4. Nc3 Be7 5. cxd5 exd5 6. Bf4 c6 7. e3 Nh5 8. Be5 Nd7 9. Bd3 Nxe5 10. Nxe5 Nf6 11. Qc2 Bd6 12. f4 Ng4 13. Nxg4 Bxg4 14. 0-0 Qf6 15. Rae1 h5 16. e4 Qxd4+ 17. Kh1 Kf8 18. exd5 cxd5 19. Nb5 Qb6 20. Nxd6 Qxd6 21. f5 h4 22. Qa4 Bh5 23. Qxh4 Rh6 24. Qf4 Rd8 25. h3 Qxf4 26. Rxf4 f6 27. Kg1 Be8 28. Kf2 Bc6 29. Rd4 Rh8 30. Re3 Kf7 31. Be2 Rd7 32. Bf3 g6 33. fxg6+ Kxg6 34. h4 f5 35. Bd1 Kf6 36. Bc2 Rd6 37. g3 Bd7 38. Bb3 Be6 39. Rc3 Rh7 40. Kf3 Ke5 41. Rf4 Rg7 42. Re3+ Kf6 43. Re1 Rc6 44. Rd4 Rd6 45. Red1 Ke5 46. Rf4 Rd8 47. Kf2 Rdg8 48. Re1+ Kd6 49. Re3 Rg4 50. Bd1 Rxf4+ 51. gxf4 d4 52. Rxe6+ 1-0

[Event "Grosslobming FIDE GP (Women)"]
[Site "Grosslobming"]
[Date "2025.05.13"]
[Round "7"]
[White "Zhu, Jiner"]
[Black "Dzagnidze, Nana"]
[Result "1-0"]
[WhiteElo "2541"]
[BlackElo "2509"]
[PlyCount "111"]
[EventDate "2025.05.06"]
[EventType "tourn"]
[EventRounds "9"]
[EventCountry "AUT"]
[EventCategory "10"]
[SourceTitle "CB21_2025"]
[SourceDate "2025.05.21"]
[SourceVersion "1"]
[SourceVersionDate "2025.05.21"]
[SourceQuality "1"]

1. d4 Nf6 2. c4 e6 3. Nc3 Bb4 4. Nf3 0-0 5. Bg5 h6 6. Bh4 b6 7. e4 Be7 8. Bd3 Bb7 9. e5 Nh5 10. Bxe7 Qxe7 11. 0-0 Nf4 12. Be4 Bxe4 13. Nxe4 d5 14. exd6 cxd6 15. Qd2 Ng6 16. Rfe1 Nd7 17. Ng3 Nf6 18. h4 Qb7 19. h5 Ne7 20. b4 Rfc8 21. Qe2 a5 22. a3 b5 23. d5 e5 24. c5 dxc5 25. d6 Ned5 26. bxc5 Rxc5 27. Qxe5 Re8 28. Qd4 Rc4 29. Rxe8+ Nxe8 30. Qe5 Nef6 31. Rd1 b4 32. axb4 Rxb4 33. Qa1 Qd7 34. Qe5 Qb7 35. Qf5 Rf4 36. d7 Nxd7 37. Qxd5 Qxd5 38. Rxd5 Nf6 39. Rxa5 Rb4 40. Ne5 Rb7 41. f3 Kh7 42. Kh2 g6 43. hxg6+ fxg6 44. Ra6 Kg7 45. Nxg6 Kxg6 46. Ne4 Rf7 47. Kh3 Kg7 48. Rxf6 Rxf6 49. Nxf6 Kxf6 50. Kg4 Kg6 51. Kh4 Kf6 52. Kh5 Kg7 53. f4 Kh7 54. f5 Kg7 55. g4 Kh7 56. f6 1-0

[Event "Grosslobming FIDE GP (Women)"]
[Site "Grosslobming"]
[Date "2025.05.11"]
[Round "6"]
[White "Dzagnidze, Nana"]
[Black "Muzychuk, Anna"]
[Result "1/2-1/2"]
[WhiteElo "2509"]
[BlackElo "2526"]
[PlyCount "75"]
[EventDate "2025.05.06"]
[EventType "tourn"]
[EventRounds "9"]
[EventCountry "AUT"]
[EventCategory "10"]
[SourceTitle "CB21_2025"]
[SourceDate "2025.05.21"]
[SourceVersion "1"]
[SourceVersionDate "2025.05.21"]
[SourceQuality "1"]

1. d4 Nf6 2. c4 g6 3. Nc3 d5 4. cxd5 Nxd5 5. e4 Nxc3 6. bxc3 Bg7 7. Bc4 c5 8. Ne2 Nc6 9. Be3 0-0 10. 0-0 b6 11. dxc5 Qc7 12. cxb6 axb6 13. Rb1 Ne5 14. Bd5 Ra6 15. Qc1 Bb7 16. c4 Bc8 17. c5 Ng4 18. Bf4 Qxc5 19. Qxc5 bxc5 20. Rfc1 Be6 21. Rxc5 Bxd5 22. exd5 Rxa2 23. Re1 Rd8 24. Bg3 Nf6 25. Nc3 Rc2 26. Rc6 Rd2 27. Kf1 Nxd5 28. Nxd5 R2xd5 29. Rxe7 Rd1+ 30. Re1 Rxe1+ 31. Kxe1 h5 32. Ke2 Ra8 33. h3 Ra2+ 34. Kf3 Ra3+ 35. Ke2 Ra2+ 36. Kf3 Ra3+ 37. Ke2 Ra2+ 38. Kf3 1/2-1/2

[Event "Grosslobming FIDE GP (Women)"]
[Site "Grosslobming"]
[Date "2025.05.09"]
[Round "4"]
[White "Dzagnidze, Nana"]
[Black "Tan, Zhongyi"]
[Result "1-0"]
[WhiteElo "2509"]
[BlackElo "2536"]
[PlyCount "61"]
[EventDate "2025.05.06"]
[EventType "tourn"]
[EventRounds "9"]
[EventCountry "AUT"]
[EventCategory "10"]
[SourceTitle "CB21_2025"]
[SourceDate "2025.05.21"]
[SourceVersion "1"]
[SourceVersionDate "2025.05.21"]
[SourceQuality "1"]

1. c4 e5 2. g3 Nf6 3. Bg2 d5 4. cxd5 Nxd5 5. Nc3 Nb6 6. d3 Be7 7. Nf3 Nc6 8. 0-0 0-0 9. a3 Be6 10. Rb1 f6 11. b4 Qd7 12. Ne4 Nd5 13. Bb2 Rad8 14. Qc2 Bh3 15. Bxh3 Qxh3 16. b5 Nd4 17. Nxd4 exd4 18. Bxd4 f5 19. Nd2 f4 20. Qc4 Rf5 21. Nf3 g5 22. g4 Qxg4+ 23. Kh1 Kf8 24. Bh8 Rf7 25. Qe4 Qh3 26. Rg1 Qh5 27. Rbe1 Rd6 28. Ne5 Nc3 29. Qc4 Rf5 30. Qxc3 f3 31. Nxf3 1-0

[Event "Nikosia FIDE GP (Women)"]
[Site "Nicosia"]
[Date "2025.03.23"]
[Round "8"]
[White "Dzagnidze, Nana"]
[Black "Muzychuk, Mariya"]
[Result "1/2-1/2"]
[WhiteElo "2513"]
[BlackElo "2490"]
[PlyCount "105"]
[EventDate "2025.03.15"]
[EventType "tourn"]
[EventRounds "9"]
[EventCountry "CYP"]
[EventCategory "10"]
[SourceTitle "CB13_2025"]
[SourceDate "2025.03.26"]
[SourceVersion "1"]
[SourceVersionDate "2025.03.26"]
[SourceQuality "1"]

1. d4 Nf6 2. c4 g6 3. Nc3 d5 4. Nf3 Bg7 5. e3 0-0 6. Qb3 e6 7. Be2 dxc4 8. Bxc4 b6 9. 0-0 Bb7 10. Rd1 Qe7 11. Bd2 Nbd7 12. a4 Ne4 13. a5 Nxd2 14. Nxd2 a6 15. axb6 cxb6 16. Be2 b5 17. Bf3 Bxf3 18. Nxf3 Nb6 19. Ne4 Nc4 20. Nfd2 Nxd2 21. Rxd2 Rfc8 22. Rc2 Rxc2 23. Qxc2 Qb7 24. b4 e5 25. dxe5 Bxe5 26. Rd1 Qc7 27. Qxc7 Bxc7 28. Kf1 Be5 29. Rd7 Bb2 30. Nc5 Bc3 31. Nd3 a5 32. bxa5 Rxa5 33. e4 Ra2 34. Rb7 Rd2 35. Nf4 Bd4 36. f3 Rf2+ 37. Ke1 Rb2 38. g4 b4 39. Nd3 Bc3+ 40. Kf1 Rb1+ 41. Ke2 b3 42. Ke3 g5 43. Rc7 Bf6 44. Rb7 b2 45. Rb5 Bc3 46. Rxg5+ Kh8 47. Rb5 Rd1 48. Nxb2 Bd4+ 49. Kf4 Rb1 50. Rb4 Bc3 51. Rb3 Bd4 52. Rb4 Bc3 53. Rb3 1/2-1/2

[Event "Nikosia FIDE GP (Women)"]
[Site "Nicosia"]
[Date "2025.03.19"]
[Round "5"]
[White "Divya, Deshmukh"]
[Black "Dzagnidze, Nana"]
[Result "1/2-1/2"]
[WhiteElo "2470"]
[BlackElo "2513"]
[PlyCount "81"]
[EventDate "2025.03.15"]
[EventType "tourn"]
[EventRounds "9"]
[EventCountry "CYP"]
[EventCategory "10"]
[SourceTitle "CB13_2025"]
[SourceDate "2025.03.26"]
[SourceVersion "1"]
[SourceVersionDate "2025.03.26"]
[SourceQuality "1"]

1. d4 Nf6 2. c4 e6 3. Nc3 Bb4 4. Qc2 0-0 5. e4 d5 6. e5 Ne4 7. Bd3 c5 8. Nf3 cxd4 9. Nxd4 Nd7 10. Bf4 Qh4 11. g3 Qh5 12. 0-0 g5 13. cxd5 Bxc3 14. bxc3 exd5 15. Be3 Nxe5 16. f3 Nxd3 17. Qxd3 Nd6 18. g4 Qg6 19. Qxg6+ fxg6 20. Bxg5 Rf7 21. Rae1 Bd7 22. Re5 Nb5 23. Nxb5 Bxb5 24. Rf2 Re8 25. Rxd5 Bc6 26. Rd3 h5 27. h3 Re5 28. Be3 a6 29. Kg2 Rfe7 30. Bf4 Re2 31. Rd8+ Kf7 32. Rd2 Bb5 33. Rfxe2 Rxe2+ 34. Rxe2 Bxe2 35. Kf2 Bd1 36. Ke3 Ke6 37. Ke4 Bc2+ 38. Kd4 Bd1 39. Ke4 Bc2+ 40. Kd4 Bd1 41. Ke4 1/2-1/2

[Event "Titled Tuesday intern op 25th Feb Early"]
[Site "Chess.com INT"]
[Date "2025.02.25"]
[Round "9"]
[White "Parfenov, Viktor N"]
[Black "Dzagnidze, Nana"]
[Result "0-1"]
[WhiteElo "2193"]
[BlackElo "2518"]
[PlyCount "72"]
[EventDate "2025.02.25"]
[EventType "swiss (blitz)"]
[EventRounds "11"]
[EventCountry "USA"]
[SourceTitle "CB10_2025"]
[SourceDate "2025.03.05"]
[SourceVersion "1"]
[SourceVersionDate "2025.03.05"]
[SourceQuality "1"]

1. e4 c5 2. Nf3 d6 3. Bb5+ Bd7 4. Bxd7+ Qxd7 5. c4 e5 6. Nc3 Nc6 7. a3 Be7 8. b4 cxb4 9. axb4 Nxb4 10. d3 Nf6 11. Ba3 Nc6 12. Nd5 0-0 13. 0-0 Nxd5 14. exd5 Nd4 15. Nxd4 exd4 16. Re1 b6 17. Bb2 Bf6 18. Re4 Rfe8 19. Rg4 h5 20. Rf4 Be5 21. Re4 g6 22. Bxd4 f5 23. Rh4 Qe7 24. g3 Qf6 25. Bxe5 Rxe5 26. d4 Re7 27. c5 Rae8 28. c6 Qf7 29. Qb3 Re1+ 30. Rxe1 Rxe1+ 31. Kg2 Qe7 32. Qf3 Rc1 33. Rf4 Qe1 34. Kh3 Kg7 35. Qa3 g5 36. Qxd6 Qf1# 0-1

[Event "GEO-ch (Women) 82nd"]
[Site "Tbilisi"]
[Date "2025.02.07"]
[Round "5"]
[White "Dzagnidze, Nana"]
[Black "Kirtadze, Anastasia"]
[Result "1-0"]
[WhiteElo "2518"]
[BlackElo "2218"]
[PlyCount "101"]
[EventDate "2025.02.03"]
[EventType "tourn"]
[EventRounds "9"]
[EventCountry "GEO"]
[SourceTitle "CB07_2025"]
[SourceDate "2025.02.12"]
[SourceVersion "1"]
[SourceVersionDate "2025.02.12"]
[SourceQuality "1"]

1. d4 Nf6 2. c4 e6 3. Nf3 Bb4+ 4. Nbd2 b6 5. a3 Bxd2+ 6. Bxd2 Bb7 7. Bg5 h6 8. Bh4 d6 9. Nd2 Nbd7 10. e3 Qe7 11. f3 e5 12. Be2 g5 13. Bf2 exd4 14. exd4 Nh5 15. 0-0 Nf4 16. Re1 0-0-0 17. Bf1 Qf8 18. a4 f5 19. a5 g4 20. axb6 axb6 21. Be3 Ng6 22. fxg4 fxg4 23. Qxg4 Rg8 24. Ra7 Kb8 25. Rxb7+ Kxb7 26. g3 c6 27. Bg2 Nge5 28. Qe2 Ng4 29. Bf4 Ngf6 30. Ne4 Nxe4 31. Qxe4 Nb8 32. b4 Re8 33. Qh7+ Kc8 34. Rxe8+ Qxe8 35. Bh3+ Kd8 36. Qb7 Nd7 37. Qxc6 Qe1+ 38. Bf1 Re8 39. Bxh6 Re2 40. Bg5+ Ke8 41. Qc8+ Kf7 42. Qxd7+ Kg6 43. Qxd6+ Kh7 44. Qh6+ Kg8 45. Qg6+ Kf8 46. Bh6+ Ke7 47. Qg5+ Kd6 48. Qd5+ Ke7 49. Bg5+ Ke8 50. Qc6+ Kf7 51. Qf3+ 1-0

[Event "Wch Blitz (Women)"]
[Site "New York"]
[Date "2024.12.30"]
[Round "8"]
[White "Dzagnidze, Nana"]
[Black "Mammadova, Gulnar Marfat Qizi"]
[Result "1-0"]
[WhiteElo "2518"]
[BlackElo "2333"]
[PlyCount "161"]
[EventDate "2024.12.30"]
[EventType "swiss (blitz)"]
[EventRounds "11"]
[EventCountry "USA"]
[SourceTitle "CB01_2025"]
[SourceDate "2025.01.01"]
[SourceVersion "1"]
[SourceVersionDate "2025.01.01"]
[SourceQuality "1"]

1. d4 Nf6 2. c4 e6 3. Bg5 h6 4. Bh4 d5 5. Nc3 Be7 6. e3 0-0 7. Nf3 b6 8. Be2 c5 9. dxc5 bxc5 10. 0-0 Bb7 11. Rc1 dxc4 12. Bxc4 Qxd1 13. Rfxd1 Nc6 14. Be2 Rfd8 15. b3 Kf8 16. Nd2 g5 17. Bg3 Rac8 18. Nc4 Nb4 19. Nd6 Rb8 20. Na4 Bd5 21. Nc4 Rbc8 22. a3 Nc6 23. f3 Bxc4 24. bxc4 Nd7 25. Nc3 Nb6 26. Nb5 Na4 27. Nd6 Ra8 28. Nb5 Rac8 29. h3 Nb2 30. Rxd8+ Rxd8 31. Rc2 Na4 32. Kf1 Nb6 33. Bh2 f5 34. Bg3 Kf7 35. Bc7 Rd7 36. Bg3 a6 37. Nc3 Na5 38. Nb1 Bf6 39. Nd2 e5 40. Be1 Nc6 41. Nb3 Be7 42. Na5 Nxa5 43. Bxa5 Na4 44. Ke1 Rb7 45. Kf2 Rb1 46. Rd2 Ke6 47. g4 f4 48. Bd3 fxe3+ 49. Kxe3 Re1+ 50. Kf2 Ra1 51. Bf5+ Kf6 52. Bd8 Bxd8 53. Rxd8 Rxa3 54. Rd6+ Kf7 55. Rxa6 Ra2+ 56. Ke3 Nc3 57. Rxa2 Nxa2 58. Ke4 Nc3+ 59. Kxe5 Ke7 60. Be4 Kd7 61. Kf6 Ne2 62. Kg6 Ng1 63. Kxh6 Nxh3 64. Kg6 Ke6 65. Kg7 Ke5 66. Kf7 Nf4 67. Ke7 Ne2 68. Kd7 Nd4 69. Kc7 Ne2 70. Kc6 Kd4 71. Kd6 Kxc4 72. Ke5 Ng1 73. f4 gxf4 74. g5 f3 75. g6 f2 76. Bg2 Nf3+ 77. Kf6 Kd3 78. g7 Nh4 79. Bf1+ Kd2 80. g8Q Ke1 81. Qc4 1-0

[Event "Wch Blitz (Women)"]
[Site "New York"]
[Date "2024.12.30"]
[Round "4"]
[White "Dzagnidze, Nana"]
[Black "Song, Yuxin"]
[Result "1-0"]
[WhiteElo "2518"]
[BlackElo "2384"]
[PlyCount "95"]
[EventDate "2024.12.30"]
[EventType "swiss (blitz)"]
[EventRounds "11"]
[EventCountry "USA"]
[SourceTitle "CB01_2025"]
[SourceDate "2025.01.01"]
[SourceVersion "1"]
[SourceVersionDate "2025.01.01"]
[SourceQuality "1"]

1. d4 g6 2. c4 Bg7 3. Nf3 d6 4. Nc3 c5 5. dxc5 dxc5 6. Bd2 Nf6 7. g3 0-0 8. Bg2 Nc6 9. 0-0 Be6 10. b3 h6 11. Qc1 Kh7 12. Rd1 Qc8 13. Bf4 Nh5 14. Be3 b6 15. Rb1 Rb8 16. Rb2 Bh3 17. Bh1 e5 18. Rbd2 Nd4 19. Bxd4 exd4 20. Nd5 Re8 21. e3 Bg4 22. Re1 Nf6 23. exd4 Nxd5 24. cxd5 Rxe1+ 25. Qxe1 Qf5 26. Nh4 Re8 27. Qxe8 Qb1+ 28. Kg2 g5 29. Qe3 Bh3+ 30. Kxh3 Qxh1 31. Qd3+ Kg8 32. Nf5 h5 33. Nxg7 Kxg7 34. Qe2 g4+ 35. Kh4 Kg6 36. f4 Qxd5 37. Qe5 Qb7 38. Qg5+ Kh7 39. Qxh5+ Kg7 40. Qxg4+ Kf8 41. d5 Qe7+ 42. Qg5 Qe1 43. f5 Qe5 44. f6 Qe4+ 45. g4 Qe1+ 46. Kh5 Qe4 47. d6 Qh7+ 48. Qh6+ 1-0

[Event "Wch Blitz (Women)"]
[Site "New York"]
[Date "2024.12.30"]
[Round "11"]
[White "Koneru, Humpy"]
[Black "Dzagnidze, Nana"]
[Result "1-0"]
[WhiteElo "2523"]
[BlackElo "2518"]
[PlyCount "77"]
[EventDate "2024.12.30"]
[EventType "swiss (blitz)"]
[EventRounds "11"]
[EventCountry "USA"]
[SourceTitle "CB01_2025"]
[SourceDate "2025.01.01"]
[SourceVersion "1"]
[SourceVersionDate "2025.01.01"]
[SourceQuality "1"]

1. d4 Nf6 2. c4 e6 3. Nf3 d5 4. Nc3 a6 5. cxd5 exd5 6. Qb3 Be7 7. Bf4 0-0 8. e3 Bd6 9. Bg5 c6 10. Bd3 Nbd7 11. 0-0 Re8 12. Rfe1 b5 13. e4 dxe4 14. Nxe4 Be7 15. Rad1 Nd5 16. Nd6 Rf8 17. Bxe7 Nxe7 18. Ng5 Nd5 19. Bxh7+ Kh8 20. Ndxf7+ Rxf7 21. Nxf7+ Kxh7 22. Nxd8 N7f6 23. Qd3+ Kg8 24. Nxc6 Kf7 25. Ne5+ Kg8 26. Qg6 Be6 27. h3 Rf8 28. Qc2 Nb4 29. Qc5 Nbd5 30. Ng6 Re8 31. Qd6 Kf7 32. Ne5+ Kg8 33. Nc6 Bf7 34. Rxe8+ Bxe8 35. Ne7+ Nxe7 36. Qxe7 Bf7 37. d5 Nxd5 38. Rxd5 Bxd5 39. Qd8+ 1-0

[Event "Wch Blitz (Women)"]
[Site "New York"]
[Date "2024.12.30"]
[Round "5"]
[White "Yip, Carissa"]
[Black "Dzagnidze, Nana"]
[Result "0-1"]
[WhiteElo "2432"]
[BlackElo "2518"]
[PlyCount "86"]
[EventDate "2024.12.30"]
[EventType "swiss (blitz)"]
[EventRounds "11"]
[EventCountry "USA"]
[SourceTitle "CB01_2025"]
[SourceDate "2025.01.01"]
[SourceVersion "1"]
[SourceVersionDate "2025.01.01"]
[SourceQuality "1"]

1. e4 e6 2. d3 d5 3. Nd2 c5 4. g3 Nc6 5. Bg2 g6 6. Ngf3 Bg7 7. 0-0 Nge7 8. Re1 0-0 9. c3 b5 10. a4 b4 11. e5 Ba6 12. Nb3 Bxd3 13. Nxc5 Bf5 14. h3 Qa5 15. Nb3 Qc7 16. Qe2 Rab8 17. Nc5 Rbc8 18. Na6 Qa5 19. Bd2 bxc3 20. Bxc3 Qb6 21. a5 Qb7 22. Nc5 Qc7 23. b4 Rfd8 24. Rac1 Be4 25. Nxe4 dxe4 26. Qxe4 Qb8 27. Ng5 Nd5 28. Qh4 h6 29. Ne4 Nxc3 30. Rxc3 Nxe5 31. Rxc8 Rxc8 32. Nf6+ Kh8 33. Ng4 Nxg4 34. Qxg4 Bc3 35. Rb1 Qe5 36. a6 Rb8 37. Qc4 Bd4 38. Kf1 Kh7 39. Qd3 Bb6 40. b5 Rd8 41. Qe2 Qf5 42. g4 Qxb1+ 43. Qe1 Rd1 0-1

[Event "Wch Rapid (Women)"]
[Site "New York"]
[Date "2024.12.28"]
[Round "9"]
[White "Dzagnidze, Nana"]
[Black "Kulon, Klaudia"]
[Result "1/2-1/2"]
[WhiteElo "2436"]
[BlackElo "2258"]
[PlyCount "133"]
[EventDate "2024.12.26"]
[EventType "swiss (rapid)"]
[EventRounds "11"]
[EventCountry "USA"]
[SourceTitle "CB01_2025"]
[SourceDate "2025.01.01"]
[SourceVersion "1"]
[SourceVersionDate "2025.01.01"]
[SourceQuality "1"]

1. d4 Nf6 2. c4 g6 3. Nc3 Bg7 4. Nf3 0-0 5. Bg5 d6 6. e3 c5 7. d5 h6 8. Bh4 g5 9. Bg3 Nh5 10. Bd3 f5 11. Nd2 Nxg3 12. hxg3 Nd7 13. f4 gxf4 14. gxf4 Nf6 15. Nf3 Ng4 16. Qd2 a6 17. Nh2 e5 18. Nxg4 fxg4 19. fxe5 Bxe5 20. Rxh6 Bg3+ 21. Kd1 Rf2 22. Ne2 Be5 23. Qe1 Qf8 24. Rg6+ Bg7 25. Nf4 Rxf4 26. exf4 Bd7 27. Kc2 Bf5 28. Rxg7+ Kxg7 29. Qc3+ Kg6 30. Re1 Re8 31. g3 Rxe1 32. Qxe1 Bxd3+ 33. Kxd3 Qg7 34. Qe6+ Kh7 35. Qf5+ Kh6 36. Qg5+ Qxg5 37. fxg5+ Kxg5 38. Ke4 b5 39. cxb5 axb5 40. a3 c4 41. Ke3 Kg6 42. Kf4 Kf6 43. Kxg4 Ke5 44. Kh5 Kxd5 45. g4 Ke6 46. Kh6 Kf7 47. Kh7 Kf6 48. Kh6 Kf7 49. g5 Kg8 50. Kg6 d5 51. Kf5 d4 52. Ke4 d3 53. Ke3 Kg7 54. b3 cxb3 55. Kxd3 Kg6 56. Kc3 Kxg5 57. Kxb3 Kf6 58. Kb4 Ke7 59. Kxb5 Kd7 60. Kb6 Kc8 61. Ka7 Kc7 62. a4 Kc8 63. a5 Kc7 64. a6 Kc8 65. Kb6 Kb8 66. a7+ Ka8 67. Ka6 1/2-1/2

[Event "Wch Rapid (Women)"]
[Site "New York"]
[Date "2024.12.27"]
[Round "6"]
[White "Kaliakhmet, Elnaz"]
[Black "Dzagnidze, Nana"]
[Result "1/2-1/2"]
[WhiteElo "2162"]
[BlackElo "2436"]
[PlyCount "105"]
[EventDate "2024.12.26"]
[EventType "swiss (rapid)"]
[EventRounds "11"]
[EventCountry "USA"]
[SourceTitle "CB01_2025"]
[SourceDate "2025.01.01"]
[SourceVersion "1"]
[SourceVersionDate "2025.01.01"]
[SourceQuality "1"]

1. d4 Nf6 2. Nf3 e6 3. c4 d5 4. Nc3 Nbd7 5. Bf4 dxc4 6. e3 Nb6 7. Bxc4 Nxc4 8. Qa4+ Bd7 9. Qxc4 Bd6 10. Bg5 0-0 11. 0-0 Be7 12. Ne5 Rc8 13. Rfd1 Qe8 14. Qb3 b6 15. Rac1 c6 16. h3 Nd5 17. Bxe7 Qxe7 18. Rc2 Rfd8 19. Nxd5 exd5 20. Rdc1 c5 21. Nxd7 Rxd7 22. dxc5 bxc5 23. Qa3 Rdc7 24. Qd3 Qe6 25. Rd1 Rd7 26. Qb5 Rdc7 27. Rcd2 Rd7 28. Rc1 Rdc7 29. Rdc2 Qb6 30. Qd3 Rd8 31. Qa3 Rdc8 32. Rd1 Rd8 33. Qa4 g6 34. Rcd2 Rcd7 35. Qa3 a5 36. Qa4 Qb4 37. Qc6 Rd6 38. Qc7 R6d7 39. Qe5 d4 40. a3 Qb6 41. exd4 cxd4 42. Qe4 a4 43. Qc2 Qb5 44. Qd3 Qxd3 45. Rxd3 Kg7 46. Rc1 Rb7 47. Rc4 Rxb2 48. Rdxd4 Re8 49. Rf4 g5 50. Rfe4 Rd8 51. Red4 Re8 52. Re4 Rd8 53. Red4 1/2-1/2

[Event "Wch Rapid (Women)"]
[Site "New York"]
[Date "2024.12.26"]
[Round "2"]
[White "Dzagnidze, Nana"]
[Black "Maltsevskaya, Aleksandra"]
[Result "1/2-1/2"]
[WhiteElo "2436"]
[BlackElo "2269"]
[PlyCount "74"]
[EventDate "2024.12.26"]
[EventType "swiss (rapid)"]
[EventRounds "11"]
[EventCountry "USA"]
[SourceTitle "CB01_2025"]
[SourceDate "2025.01.01"]
[SourceVersion "1"]
[SourceVersionDate "2025.01.01"]
[SourceQuality "1"]

1. d4 Nf6 2. c4 e6 3. Nc3 d5 4. Bg5 Be7 5. e3 0-0 6. Nf3 h6 7. Bh4 b6 8. Be2 Bb7 9. 0-0 Nbd7 10. Rc1 c5 11. a3 dxc4 12. Bxc4 Ne4 13. Bxe7 Qxe7 14. Qe2 Nxc3 15. Rxc3 Rfd8 16. dxc5 Nxc5 17. Rfc1 Qf6 18. Ne1 Rd6 19. Nd3 Ne4 20. R3c2 Rad8 21. f3 Ng5 22. Ne1 e5 23. e4 Qg6 24. Kh1 Kh8 25. Nd3 Qh5 26. Qf1 Ne6 27. Bxe6 Rxd3 28. Bc8 Bxc8 29. Rxc8 Kh7 30. Rxd8 Rxd8 31. Rd1 Qg5 32. Rxd8 Qxd8 33. Qe2 Qd4 34. Qc2 Qe3 35. h3 h5 36. Qc7 f6 37. Qxa7 Qc1+ 1/2-1/2